000 00189 a2200097 4500
020 _a9780201190540
041 _aeng
100 _aWesley, Addison
245 _aHte gigerbread man
942 _cBK
999 _c9634
_d9634